[Event "Chinese League Div-A Final-KO 2023"]
[Site "Xiongan"]
[Date "2023.12.04"]
[Round "3.8"]
[White "Ye, Jiangchuan"]
[Black "Dai, Changren"]
[Result "0-1"]
[WhiteElo "2603"]
[BlackElo "2491"]
[Annotator "TA"]
[PlyCount "119"]
[EventDate "2023.12.02"]
[EventCountry "CHN"]
[SourceTitle "playchess.com"]
[Source "ChessBase"]
[SourceQuality "1"]

{[%evp 21,119,8,11,-17,0,0,-5,0,-12,-6,0,-13,14,15,103,104,99,54,41,27,55,26,41,30,12,25,21,0,0,-5,-21,-26,-8,-38,-38,-84,-84,-84,-85,-85,-85,-85,-85,-85,-85,-85,-81,-92,-89,-89,-89,-89,-89,-102,-106,-107,-110,-108,-108,-108,-33,-34,-34,-35,-33,-38,-37,-20,-20,-23,-25,-84,-48,-1000,-60,-781,-939,-12834,-12835,-12836,-12836,-12837,-12837,-12837,-12838,-12839,-12837,-12839,-12839,-12839,-12840,-12841,-12841,-12842,-12843,-12843,-12843,-12845,-12845,-12845]} 1. e4 e5 2. Nf3 Nc6 3. Bb5 a6 4. Ba4 Nf6 5. O-O Be7 6. Re1 b5 7. Bb3 O-O 8. d3 d6 9. c3 Na5 10. Bc2 c5 11. Nbd2 Nc6 $1 {11...Nc6 scores better than 11...Re8.} 12. d4 {C90: Closed Ruy Lopez with 7...d6: Early deviations.} cxd4 13. cxd4 Bg4 14. h3 {The position is equal.} Bh5 {[#]} 15. d5 $146 ({Predecessor:} 15. Nb3 exd4 16. Nbxd4 Nxd4 17. Qxd4 Bxf3 18. gxf3 Rc8 19. Bb3 Qd7 20. Kh2 Rc5 21. f4 {0-1 Horak,M (2260)-Bommini,M (2108) Titled Tuesday intern op 28th Jun Early blitz 2022 (7)}) 15... Nd4 16. Bd3 Nd7 17. g4 Nc5 (17... Nxf3+ $1 $11 18. Qxf3 Bg6) 18. Nxd4 $1 $16 exd4 (18... Nxd3 $2 19. Nc6 Qd7 20. Re3 $18 (20. gxh5 Nxe1 21. Qxe1 Bg5 $16)) 19. Bb1 Bg6 20. Nf3 Re8 21. Nxd4 {Threatening Nc6.} Bh4 $1 {[%cal Rc5e4] [#]} 22. f3 $1 Bxe1 23. Qxe1 Rc8 24. Bd2 h5 25. Bc2 hxg4 26. hxg4 {[#]} Nxe4 $1 27. fxe4 {Nc6 is the strong threat.} (27. Bxe4 Bxe4) 27... Rc4 28. Be3 {[#]} (28. Qf2 $1 $15 {might be stronger.}) 28... Rxc2 $1 $17 29. Nxc2 Rxe4 30. Qg3 Qc8 $1 {[%csl LRc2,LRg4]} 31. Bf4 {Ne3 would be deadly.} Qxc2 32. Rc1 Qe2 {And now ...f6 would win. Black is much more active.} (32... Qxb2 33. Rc8+) 33. Rc8+ (33. Bxd6 $2 Rxg4 $19) 33... Re8 34. Rxe8+ Qxe8 35. Bxd6 {[%mdl 4096] Endgame KQB-KQB} Qe4 {Wards off Bb4} 36. Be5 Qxd5 37. a3 Qd1+ 38. Kf2 Qd2+ 39. Kg1 Bd3 40. Bc3 Qc1+ (40... Qd1+ $17 41. Be1 g5 42. Qb8+ Kg7 43. Qe5+ Kg6) 41. Kf2 $1 $15 Qc2+ 42. Ke3 $1 Bc4 {aiming for ...Qd3+.} 43. Kd4 {Prevents Qd3+} f6 {[%cal Oa6a5]} (43... a5 {with more complications.} 44. Qf3 Qh2 45. Qa8+ Kh7) 44. Kc5 Qe4 45. Kb6 Qe6+ 46. Kc5 (46. Ka5 $11) 46... g5 47. Qd6 $2 {[%mdl 8192] [#]} (47. Qb8+ $15 Kf7 48. Qc7+ (48. Qd6 $2 Qxd6+ 49. Kxd6 Be6 $19) 48... Kg6 49. Qd8) 47... Qxd6+ $1 $19 ({Stronger than} 47... Qxg4 48. Qd8+ (48. Qxf6 Qc8+ 49. Kb6 Qe6+ 50. Qxe6+ Bxe6 $11) 48... Kh7 49. Qxf6 $11 (49. Bxf6 Kg6 $15)) 48. Kxd6 {KB-KB} Kf7 {Black is clearly winning.} 49. a4 bxa4 50. Ba5 Be6 51. Bd8 Bxg4 52. Kd5 Kg6 53. Ke4 Bd7 54. Be7 Bc6+ 55. Kd4 f5 {[%cal Bf6f5,Bf5f4,Bf4f3][%mdl 32]} 56. Ke5 f4 57. Bd8 Kh5 58. Be7 Kg4 59. Kf6 f3 {( -> ...f2)} 60. Bc5 {Weighted Error Value: White=0.36/Black=0.07 (flawless)} 0-1

[Event "Chinese League Div-A Final-KO 2023"]
[Site "Xiongan"]
[Date "2023.12.04"]
[Round "3.9"]
[White "Xiao, Yiyi"]
[Black "Song, Yuxin"]
[Result "1/2-1/2"]
[WhiteElo "2343"]
[BlackElo "2397"]
[Annotator "RC"]
[PlyCount "61"]
[EventDate "2023.12.02"]
[EventCountry "CHN"]
[SourceTitle "playchess.com"]
[Source "ChessBase"]
[SourceQuality "1"]

1. d4 Nf6 2. c4 e6 3. g3 d5 4. Bg2 dxc4 5. Nf3 c5 6. O-O Nc6 7. dxc5 Qxd1 8. Rxd1 Bxc5 9. Nbd2 c3 10. bxc3 O-O 11. Nb3 Be7 12. c4 Bd7 13. Bb2 Rfd8 14. Nfd4 Rac8 15. Rac1 b6 16. Nb5 a5 17. a4 Be8 18. Rxd8 Rxd8 19. Bf3 Rc8 20. c5 bxc5 21. Nxc5 Ne5 22. Bxe5 Rxc5 23. Rxc5 Bxc5 24. Bd6 Bxd6 25. Nxd6 Bxa4 26. Nb7 Bb3 27. Nxa5 Bd5 28. Bxd5 Nxd5 29. e4 Nb4 30. f4 f6 31. Kf2 1/2-1/2

[Event "Chinese League Div-A Final-KO 2023"]
[Site "Xiongan"]
[Date "2023.12.04"]
[Round "3.10"]
[White "Li, Xueyi"]
[Black "Zhang, Xiaowen"]
[Result "1/2-1/2"]
[WhiteElo "2245"]
[BlackElo "2261"]
[Annotator "RC"]
[PlyCount "74"]
[EventDate "2023.12.02"]
[EventCountry "CHN"]
[SourceTitle "playchess.com"]
[Source "ChessBase"]
[SourceQuality "1"]

1. d4 d5 2. Nf3 Nf6 3. c4 e6 4. g3 Be7 5. Bg2 O-O 6. O-O a5 7. Nc3 c6 8. Nd2 b5 9. cxb5 cxb5 10. Nxb5 Qb6 11. a4 Nc6 12. Nb1 Ba6 13. N1c3 Na7 14. Qd3 Rfb8 15. Bf4 Rb7 16. Ra2 Nxb5 17. axb5 Bxb5 18. Nxb5 Qxb5 19. Qxb5 Rxb5 20. Rc1 h6 21. Bf1 Rb7 22. Bd2 Ne4 23. Rxa5 Rxa5 24. Bxa5 Rxb2 25. Be1 Bb4 26. f3 Bxe1 27. fxe4 Bd2 28. Rc8+ Kh7 29. exd5 exd5 30. Kf2 Rb3 31. Re8 Rb6 32. Bg2 Re6 33. Rxe6 fxe6 34. Bh3 Bc3 35. Bxe6 Bxd4+ 36. Kf3 Kg6 37. Bxd5 Kf6 1/2-1/2

[Event "Chinese League Div-A Final-KO 2023"]
[Site "Xiongan"]
[Date "2023.12.04"]
[Round "3.11"]
[White "Xu, Yi"]
[Black "Liu, Qingnan"]
[Result "1-0"]
[WhiteElo "2500"]
[BlackElo "2545"]
[Annotator "TA"]
[PlyCount "101"]
[EventDate "2023.12.02"]
[EventCountry "CHN"]
[SourceTitle "playchess.com"]
[Source "ChessBase"]
[SourceQuality "1"]

{[%evp 15,101,16,22,19,21,12,12,13,13,16,17,14,13,0,86,87,84,77,179,174,180,190,182,193,211,202,214,191,200,204,200,204,204,203,215,192,238,238,238,220,264,270,259,271,265,264,271,270,306,270,307,193,345,306,318,317,385,385,410,387,620,656,655,645,603,550,776,747,933,933,864,838,741,672,6135,6111,12841,12841,12842,12842,12843,12843,27999,27999,27999,27999,27999,27999]} 1. e4 e5 2. Nf3 Nf6 3. d4 Nxe4 4. Bd3 d5 5. Nxe5 Nd7 6. Nxd7 Bxd7 7. O-O Bd6 8. Qh5 O-O 9. Qxd5 {C43: Petroff Defence: 3 d4.} Bc6 10. Qh5 g6 11. Qh3 {The position is equal.} Ng5 $1 12. Bxg5 Qxg5 13. Nc3 {[%cal Od4d5,Bb1c3,Bc3e4,Be4f6,Bf6d5,Bd5f4][%mdl 32]} Rae8 {Prevents d5} 14. Rae1 {[#]} Kg7 $146 {[#]} (14... Qf4 $11 {remains equal.}) ({Predecessor:} 14... Qf4 15. Bb5 Qxd4 16. Bxc6 bxc6 17. Qf3 Rxe1 18. Rxe1 Bb4 19. g3 {½-½ Novikovas,V (2543)-Novak,J (2513) Klovans Memorial email 2011}) 15. Be4 $1 $16 {White stays focused until the end.} Bxe4 16. Nxe4 Qd5 {[#]} (16... Qa5 $16) 17. Qxh7+ $3 $18 {[%mdl 576] Decoy} Kxh7 18. Nf6+ {[%mdl 64] Discovered Attack, Double Attack} Kg7 19. Nxd5 c5 20. dxc5 Bxc5 21. Nf4 Bd6 22. Rxe8 Rxe8 {[%mdl 4096] Endgame [#] KRB-KRN} 23. Nd3 Rc8 24. c3 g5 25. g3 f5 (25... Rd8 $142 26. Nc1 Be5) 26. f4 g4 27. Kg2 b5 28. h3 gxh3+ 29. Kxh3 Kf6 30. Kg2 a5 31. Rc1 a4 32. Kf3 Ke6 33. Nb4 Kf6 $2 (33... a3 {was necessary.}) 34. Nd5+ Ke6 35. Ne3 b4 36. c4 Bc5 37. Re1 b3 $2 (37... Kf6 38. Nd5+ Kg7) 38. axb3 axb3 39. Rd1 Bf8 40. Rd5 Bg7 41. Nxf5 Bxb2 42. Rd6+ Kf7 43. Rb6 {Hoping for Nd6+.} Ba3 44. Rxb3 Bf8 45. Rb7+ Kf6 46. Rb6+ Kf7 47. Nd6+ Bxd6 48. Rxd6 Rxc4 49. g4 {[%cal Bg3g4,Bg4g5][%mdl 32] White mates.} Ke7 50. Ra6 Rc1 51. g5 {Weighted Error Value: White=0.07 (flawless) /Black=0.32} 1-0

[Event "Chinese League Div-A Final-KO 2023"]
[Site "Xiongan"]
[Date "2023.12.04"]
[Round "3.12"]
[White "Huang, Renjie"]
[Black "Zhang, Zhong"]
[Result "1-0"]
[WhiteElo "2488"]
[BlackElo "2578"]
[Annotator "TA"]
[PlyCount "69"]
[EventDate "2023.12.02"]
[EventCountry "CHN"]
[SourceTitle "playchess.com"]
[Source "ChessBase"]
[SourceQuality "1"]

{[%evp 16,69,8,0,0,0,2,-10,-11,-31,-31,-31,-31,-29,-10,-14,19,12,12,14,22,-19,-13,-11,-4,-8,-10,-34,-24,-28,-27,-31,65,65,47,44,85,35,187,200,196,184,236,6,126,0,0,0,0,0,0,0,0,0,187,156]} 1. e4 e5 2. Nf3 Nc6 3. Bb5 {[%cal Bf1b5,Bb5a4,Ba4b3][%mdl 32]} a6 4. Ba4 Nf6 5. O-O Be7 6. d3 b5 7. Bb3 O-O 8. Nc3 d6 9. a4 b4 {C84: Closed Ruy Lopez: Unusual White 6th moves.} 10. Nd5 Na5 11. Nxb4 Rb8 {[%cal Ba8b8,Bb8b4,Bb4e4,Be4g4][%mdl 32] The position is equal.} 12. Nd5 Nxb3 13. Nxe7+ Qxe7 14. cxb3 {[%cal Bc2b3,Bb3c4,Bc4c5][%mdl 32] [#]} Be6 $146 ({Predecessor:} 14... Bg4 15. Ra3 Bh5 16. h3 c5 17. Bd2 Rb7 18. Re1 h6 19. Re3 d5 20. g4 d4 {0-1 Gonen,B (1591)-Gabris,V (2345) EU-chT10 sf3 email 2014 [8]}) 15. Nd2 Rb4 16. Nc4 Bxc4 17. bxc4 Rfb8 18. c5 d5 19. Bg5 dxe4 20. dxe4 Rxe4 {[%cal Oh7h6]} 21. Qd3 Rg4 (21... Qxc5 $2 22. Bxf6 (22. Qxa6 Nd5 $11) 22... Qb4 23. Be7 $18) 22. Bxf6 Qxf6 23. Qd7 {[%csl LRc7,LRg4]} Qg5 (23... h5 $15) 24. g3 $14 h5 25. Qxc7 Rxb2 26. Rab1 (26. Rae1 $1 $16 {[%cal Re1e5]} f6 27. Qc8+ Kh7 28. Qxa6) 26... Rxb1 $2 (26... Rgb4 $1 $14 27. Rxb2 Rxb2) 27. Rxb1 {[%mdl 4096] Endgame Rb8+ is the strong threat. KQR-KQR} Qf5 {[#]} 28. Rc1 h4 (28... Kh7 {was worth a try.}) 29. Qd8+ (29. c6 $18 Qf3 30. Qb8+ (30. Qxe5 $2 h3 $19) 30... Kh7 31. Qxe5 (31. c7 $2 h3 $19)) 29... Kh7 $16 {[#]} 30. Qd5 (30. Qd1 $1 $16) 30... Rd4 $11 31. Qb3 Rd3 32. Qb4 e4 33. c6 {And now c7 would win.} (33. gxh4 $2 Qg4+ 34. Kf1 Qf3 $19) 33... Qf3 {( -> ...h3)} (33... h3 $5 34. Qe1 $8 (34. Re1 {gets mated.} Qf3 35. Kf1 e3 {[%mdl 64] Discovered Attack} 36. Qh4+ Kg8) 34... Rd2 $11) 34. Qe1 $1 {Hoping for c7.} (34. gxh4 $2 {is the wrong capture.} e3 35. Qe1 e2 $19) 34... e3 $2 (34... hxg3 $11 {and Black is okay.} 35. hxg3 Rd5) 35. fxe3 {Weighted Error Value: White=0.27 (precise) /Black=0.33} (35. gxh4 e2 36. c7 Rd6 $19) 1-0

[Event "Chinese League Div-A Final-KO 2023"]
[Site "Xiongan"]
[Date "2023.12.04"]
[Round "3.13"]
[White "Lou, Yiping"]
[Black "Xiao, Tong(Qd)"]
[Result "1/2-1/2"]
[WhiteElo "2454"]
[BlackElo "2480"]
[Annotator "RC"]
[PlyCount "82"]
[EventDate "2023.12.02"]
[EventCountry "CHN"]
[SourceTitle "playchess.com"]
[Source "ChessBase"]
[SourceQuality "1"]

1. e4 c5 2. Nf3 d6 3. d4 cxd4 4. Nxd4 Nf6 5. Nc3 a6 6. Bd3 g6 7. f3 Bg7 8. Be3 Nbd7 9. Be2 h5 10. O-O O-O 11. a4 e6 12. Qd2 Qc7 13. Nb3 d5 14. exd5 Nxd5 15. Nxd5 exd5 16. Bd4 Re8 17. Rfe1 Ne5 18. Qc3 Qxc3 19. Bxc3 Bf5 20. Nd4 Bd7 21. Kf2 Nc6 22. Nxc6 Bxc3 23. bxc3 Bxc6 24. a5 Kg7 25. Bd3 Kf6 26. h4 Rac8 27. Rxe8 Bxe8 28. Rb1 Rxc3 29. Rxb7 Bb5 30. Bxb5 axb5 31. Rxb5 Rxc2+ 32. Ke3 Ke5 33. f4+ Kd6 34. Rb7 Rxg2 35. Rxf7 Ra2 36. Rf6+ Kc5 37. Rxg6 Ra3+ 38. Kf2 Ra2+ 39. Ke3 Ra3+ 40. Kf2 Ra2+ 41. Ke3 Ra3+ 1/2-1/2

[Event "Chinese League Div-A Final-KO 2023"]
[Site "Xiongan"]
[Date "2023.12.04"]
[Round "3.14"]
[White "Zhang, Xiao"]
[Black "Ju, Wenjun"]
[Result "1/2-1/2"]
[WhiteElo "2097"]
[BlackElo "2560"]
[Annotator "TA"]
[PlyCount "99"]
[EventDate "2023.12.02"]
[EventCountry "CHN"]
[SourceTitle "playchess.com"]
[Source "ChessBase"]
[SourceQuality "1"]

{[%evp 22,99,0,0,14,14,16,16,29,10,9,0,7,8,4,0,6,8,7,8,4,10,10,3,2,0,0,0,0,0,0,0,8,2,11,0,11,0,0,0,0,0,0,0,0,0,0,0,0,-36,0,0,0,0,0,-30,-40,-16,0,0,0,0,0,0,0,0,0,0,0,0,0,0,0,0,0,0,0,0,0,0]} 1. d4 Nf6 2. c4 e6 3. Nf3 d5 4. Nc3 c6 5. Bg5 h6 6. Bxf6 Qxf6 7. e3 g6 8. Rc1 Nd7 9. Qc2 Bg7 10. Be2 O-O 11. O-O dxc4 12. Bxc4 c5 {D43: Semi-Slav: 5 Bg5 h6.} 13. Rfd1 $1 cxd4 {[#]} 14. Nxd4 $146 ({Predecessor:} 14. Ne4 Qe7 15. exd4 Nb6 16. Bb3 a5 17. a3 a4 18. Ba2 Rd8 19. Ne5 Nd5 20. Re1 {½-½ Belis,R (2135)-Corujedo Hernandez,R (1999) Webchess op1 Gr18 email 2005}) 14... Nb6 15. Be2 Bd7 16. Bf3 Rab8 17. Ne4 Qe5 18. Nc5 Rfc8 19. Nxd7 (19. Bxb7 $2 {too greedy.} Rxb7 20. b4 Ba4 $19) 19... Rxc2 20. Nxe5 {A dynamic duo of knights.} Rxc1 21. Rxc1 {[#] Black must now prevent Nd3.} Bxe5 22. b3 Kf8 23. Kf1 Ke7 24. Ke2 Bxd4 25. exd4 $11 {[%mdl 4096] Endgame KRB-KRN} Kd6 {Repels Rc7} 26. Kd3 Nd7 27. h4 Nf6 28. g3 Ng8 29. Ke3 Ne7 30. Kd3 b6 31. Rc2 Rd8 32. Rc1 f5 33. Bb7 g5 34. hxg5 hxg5 35. Rh1 Rb8 36. Bg2 Rc8 37. Rh6 b5 38. Bb7 Rb8 39. Bg2 g4 {The position is equal.} 40. Rh1 Rc8 41. Bb7 Rc7 42. Bg2 Nc6 43. Bxc6 Rxc6 {KR-KR} 44. Re1 a6 45. Kd2 Kd5 46. Kd3 Rc8 47. Re5+ Kd6 48. Re1 Rf8 49. Ke3 Rc8 50. Kd3 {Wards off Rc2. An interesting draw.   Weighted Error Value: White=0.04 (flawless) /Black=0.03 (flawless)} 1/2-1/2

[Event "Chinese League Div-A Final-KO 2023"]
[Site "Xiongan"]
[Date "2023.12.04"]
[Round "3.15"]
[White "Ni, Shiqun"]
[Black "Hu, Yu A."]
[Result "1-0"]
[WhiteElo "2311"]
[BlackElo "2162"]
[Annotator "RC"]
[PlyCount "93"]
[EventDate "2023.12.02"]
[EventCountry "CHN"]
[SourceTitle "playchess.com"]
[Source "ChessBase"]
[SourceQuality "1"]

1. d4 Nf6 2. Nf3 d5 3. Bf4 e6 4. e3 c5 5. Nbd2 Qb6 6. Rb1 Bd6 7. dxc5 Qxc5 8. Bd3 Nbd7 9. b4 Qc7 10. Bxd6 Qxd6 11. c4 b6 12. O-O O-O 13. Qe2 Bb7 14. Rfd1 Qe7 15. e4 dxe4 16. Nxe4 Nxe4 17. Bxe4 Bxe4 18. Qxe4 Nf6 19. Qe3 Rfd8 20. a3 Rac8 21. Rxd8+ Qxd8 22. Rc1 Qc7 23. g3 h6 24. Rc2 Qb7 25. Qd3 Qe4 26. Qxe4 Nxe4 27. Kf1 Kf8 28. Ke2 Ke7 29. Kd3 f5 30. Ne5 Kf6 31. f4 Ke7 32. Ke3 Rc7 33. Kd4 Kd6 34. Rc1 g5 35. a4 a5 36. bxa5 bxa5 37. Rb1 Nc5 38. Rb6+ Ke7 39. Nc6+ Kd6 40. Nxa5+ Kd7 41. Rb5 Nxa4 42. c5 gxf4 43. gxf4 Ra7 44. Ke5 Nc3 45. Rb7+ Rxb7 46. c6+ Kc7 47. cxb7 1-0

[Event "Chinese League Div-A Final-KO 2023"]
[Site "Xiongan"]
[Date "2023.12.04"]
[Round "3.16"]
[White "Nie, Xinyang"]
[Black "Xu, Jun"]
[Result "1/2-1/2"]
[WhiteElo "2438"]
[BlackElo "2470"]
[Annotator "RC"]
[PlyCount "63"]
[EventDate "2023.12.02"]
[EventCountry "CHN"]
[SourceTitle "playchess.com"]
[Source "ChessBase"]
[SourceQuality "1"]

1. d4 Nf6 2. Bf4 g6 3. Nd2 Bg7 4. e4 O-O 5. c3 d6 6. Be2 Nbd7 7. Ngf3 Re8 8. e5 Nd5 9. Bg3 dxe5 10. dxe5 Nc5 11. O-O Bh6 12. Nb3 Ne6 13. Nfd4 Ndf4 14. Bf3 c6 15. Nxe6 Nxe6 16. Qxd8 Rxd8 17. Rad1 Rxd1 18. Rxd1 a5 19. a4 Kf8 20. Bg4 Ke8 21. f3 b5 22. Ra1 bxa4 23. Rxa4 Rb8 24. Nxa5 Rxb2 25. Nxc6 Bb7 26. Nb4 Rb1+ 27. Kf2 Rb2+ 28. Kf1 Rb1+ 29. Kf2 Rb2+ 30. Kf1 Rb1+ 31. Ke2 Rb2+ 32. Kf1 1/2-1/2

[Event "Chinese League Div-A Final-KO 2023"]
[Site "Xiongan"]
[Date "2023.12.04"]
[Round "3.17"]
[White "Wei, Yi"]
[Black "Wan, Yunguo"]
[Result "1-0"]
[WhiteElo "2729"]
[BlackElo "2508"]
[Annotator "TA"]
[PlyCount "57"]
[EventDate "2023.12.02"]
[EventCountry "CHN"]
[SourceTitle "playchess.com"]
[Source "ChessBase"]
[SourceQuality "1"]

{[%evp 9,57,0,21,21,21,11,12,16,35,37,29,13,116,120,152,136,143,110,107,115,116,105,114,117,112,100,159,160,164,163,173,164,189,180,260,254,515,497,623,580,623,623,616,616,587,585,799,799,799,799]} 1. e4 c6 2. f3 d5 3. d4 Qb6 4. Nc3 e6 5. a3 Nf6 6. e5 {B12: Caro-Kann: Advance Variation.} Nfd7 7. f4 c5 8. Nf3 {The position is equal.} Nc6 9. dxc5 Bxc5 10. Bd3 (10. Na4 $5 {[%cal Ra4b6]} Qa5+ 11. c3 $14) 10... f6 {[#]} (10... Be7 $11 {keeps the balance.}) 11. exf6 $146 ({Predecessor:} 11. Na4 Qc7 12. exf6 gxf6 13. Nxc5 Nxc5 14. Be3 Nxd3+ 15. Qxd3 Ne7 16. O-O Bd7 17. Rae1 {1-0 Zvjaginsev,V (2617)-Rodchenkov,V (2321) RUS-ch Higher League 73rd 2020 (9)}) 11... gxf6 12. Qe2 {Inhibits Bf2+.} Kd8 (12... Ne7 $2 13. b4 Bd6 14. Be3 (14. Qxe6 $2 {is the wrong capture.} Bxb4 {[%mdl 64] Discovered Attack} 15. Qxb6 Bxc3+ 16. Bd2 Bxd2+ 17. Kxd2 Nxb6 $19)) 13. b4 {[%cal Bb2b4,Bb4b5][%mdl 32] Strongly threatening Na4.} (13. Qxe6 $2 {loses.} Re8 $19) 13... Nd4 14. Qf2 Nxf3+ 15. Qxf3 Bd4 16. Bb2 {Na4 would be deadly.} Qc6 {[#] Against Na4} 17. Be2 $1 a5 (17... b6 $142) 18. b5 Qd6 19. O-O-O Bxc3 20. Qxc3 Qxf4+ 21. Kb1 {Threatens to win with Rhf1.} Re8 {[#]} (21... Qd6 {was necessary.} 22. Rhf1 Rf8) 22. Rhf1 $1 $18 Qd6 (22... Qe5) 23. Rxf6 {White is clearly winning.} Nxf6 24. Qxf6+ Qe7 {[#]} 25. Rxd5+ $3 {[%mdl 512] Black is weak on the dark squares} Bd7 {[#]} 26. Qf2 $1 {White wants to mate with Qb6+.} exd5 27. Bf6 {Inhibits .} Qxf6 28. Qxf6+ Re7 29. Bh5 {A cool game by Wei.   Weighted Error Value: White=0.02 (flawless) /Black=0.49} 1-0

[Event "Chinese League Div-A Final-KO 2023"]
[Site "Xiongan"]
[Date "2023.12.04"]
[Round "3.18"]
[White "Peng, Xiongjian"]
[Black "Lin, Chen"]
[Result "1-0"]
[WhiteElo "2525"]
[BlackElo "2494"]
[Annotator "RC"]
[PlyCount "137"]
[EventDate "2023.12.02"]
[EventCountry "CHN"]
[SourceTitle "playchess.com"]
[Source "ChessBase"]
[SourceQuality "1"]

1. Nf3 Nf6 2. g3 g6 3. Bg2 Bg7 4. O-O O-O 5. d4 d5 6. c3 c6 7. Nbd2 Bf5 8. Nh4 Be6 9. f4 Qc8 10. e4 Nxe4 11. Nxe4 dxe4 12. Bxe4 Bc4 13. Rf2 e6 14. g4 Nd7 15. g5 Qc7 16. Be3 Bd5 17. Qf3 Nb6 18. Re1 Nc4 19. Bc1 Nd6 20. Bxd5 cxd5 21. Qd3 Rfc8 22. Nf3 b5 23. h4 Qc4 24. Qxc4 Rxc4 25. Be3 a5 26. Rc2 Rac8 27. Rec1 R4c7 28. Kf1 b4 29. Ke2 Nb5 30. Kd3 bxc3 31. bxc3 Bf8 32. Bd2 Bd6 33. c4 dxc4+ 34. Rxc4 a4 35. Rxc7 Rxc7 36. Rb1 Rb7 37. Ne5 Kg7 38. Nc4 Be7 39. Na5 Rb6 40. Be3 Kf8 41. f5 exf5 42. d5 Rb8 43. Bf4 Rb6 44. Be5 Ke8 45. Bd4 Rb8 46. Ba7 Ra8 47. Rxb5 Rxa7 48. Rb8+ Kd7 49. Nc6 Rc7 50. Kd4 f6 51. Nxe7 Kxe7 52. Rb6 Rc2 53. Re6+ Kf7 54. Rxf6+ Ke8 55. a3 Ra2 56. Ra6 Rxa3 57. Ke5 Re3+ 58. Kd6 a3 59. Ra8+ Kf7 60. Ra7+ Kf8 61. Ra4 Kf7 62. Kc6 Rc3+ 63. Kd7 Rd3 64. d6 Rc3 65. Kd8 Ke6 66. d7 Kf7 67. Ra6 Kf8 68. Rf6+ Kg7 69. Ke7 1-0

[Event "Chinese League Div-A Final-KO 2023"]
[Site "Xiongan"]
[Date "2023.12.04"]
[Round "3.19"]
[White "Guo, Qi"]
[Black "Sun, Fanghui"]
[Result "1-0"]
[WhiteElo "2372"]
[BlackElo "2125"]
[Annotator "RC"]
[PlyCount "91"]
[EventDate "2023.12.02"]
[EventCountry "CHN"]
[SourceTitle "playchess.com"]
[Source "ChessBase"]
[SourceQuality "1"]

1. d4 d5 2. c4 c6 3. Nf3 Nf6 4. e3 g6 5. Nc3 Bg7 6. Be2 O-O 7. O-O dxc4 8. Bxc4 Bg4 9. Be2 Nbd7 10. e4 Bxf3 11. Bxf3 e5 12. dxe5 Nxe5 13. Be2 Ned7 14. Qc2 Qe7 15. Kh1 Rfe8 16. f3 Nf8 17. Rd1 Qc5 18. Bf4 Rad8 19. Rd3 Nh5 20. Be3 Bd4 21. Rxd4 Rxd4 22. Qb3 b5 23. f4 Ne6 24. f5 Neg7 25. fxg6 hxg6 26. Bxh5 gxh5 27. Ne2 Nf5 28. Nxd4 Nxd4 29. Qd3 Rd8 30. Rd1 Qf8 31. Bxd4 c5 32. Qg3+ Kh7 33. Qf3 Rxd4 34. Qxh5+ Kg7 35. Rxd4 cxd4 36. Qe5+ Kg6 37. Qxd4 Qc8 38. Qd6+ Kh7 39. Qf4 Kg8 40. h4 Qc2 41. Qe5 Qb1+ 42. Kh2 Qxa2 43. Qxb5 Qb1 44. Qe5 Kh7 45. h5 Qe1 46. Qf6 1-0

[Event "Chinese League Div-A Final-KO 2023"]
[Site "Xiongan"]
[Date "2023.12.04"]
[Round "3.20"]
[White "Zhang, Lanlin"]
[Black "Shen, Yang"]
[Result "0-1"]
[WhiteElo "2251"]
[BlackElo "2397"]
[Annotator "RC"]
[PlyCount "112"]
[EventDate "2023.12.02"]
[EventCountry "CHN"]
[SourceTitle "playchess.com"]
[Source "ChessBase"]
[SourceQuality "1"]

1. e4 e5 2. Nf3 Nc6 3. Bc4 Bc5 4. c3 Nf6 5. d4 exd4 6. cxd4 Bb4+ 7. Nbd2 Nxe4 8. d5 Ne7 9. O-O Nf6 10. Nb3 O-O 11. Bg5 Ng6 12. h4 Be7 13. Re1 d6 14. Qd4 h6 15. Bd2 Ng4 16. h5 N6e5 17. Nxe5 dxe5 18. Qd3 Bd6 19. Qg3 f5 20. f4 e4 21. Be2 Qe8 22. Qh3 Nf6 23. Rad1 Nxd5 24. Bc4 Be6 25. Qg3 Nf6 26. Be2 Nxh5 27. Qh4 Nf6 28. Nd4 Bc5 29. Be3 Bb6 30. Kh1 Bd7 31. Bg1 Kh8 32. b3 Rd8 33. a3 Bc8 34. b4 c6 35. b5 cxb5 36. Nxb5 Bxg1 37. Kxg1 Qe7 38. Rxd8 Rxd8 39. Rc1 a6 40. Rc7 Bd7 41. Na7 Qxa3 42. Rxb7 Qc1+ 43. Kh2 Qe3 44. Bh5 Ra8 45. Rxd7 Nxd7 46. Nc6 Nf6 47. Ne5 Ng4+ 48. Nxg4 Qxf4+ 49. g3 Qd2+ 50. Kh3 fxg4+ 51. Qxg4 Qg5 52. Qe2 Rd8 53. Bg4 h5 54. Be6 Rd3 55. Qf2 Rf3 56. Qe1 h4 0-1

[Event "Chinese League Div-A Final-KO 2023"]
[Site "Xiongan"]
[Date "2023.12.04"]
[Round "3.21"]
[White "Lu, Shanglei"]
[Black "Xu, Xiangyu"]
[Result "1/2-1/2"]
[WhiteElo "2607"]
[BlackElo "2623"]
[Annotator "TA"]
[PlyCount "60"]
[EventDate "2023.12.02"]
[EventCountry "CHN"]
[SourceTitle "playchess.com"]
[Source "ChessBase"]
[SourceQuality "1"]

{[%evp 9,60,0,0,8,20,18,20,20,22,23,12,26,14,27,29,8,10,14,37,14,14,19,27,21,15,0,0,0,0,0,0,0,0,0,0,0,0,0,0,0,0,0,0,0,0,0,0,0,0,0,0,0,0]} 1. e4 e5 2. Nf3 Nf6 3. d4 {[%cal Bd2d4,Bd4d5,Bd5c6][%mdl 32]} Nxe4 4. Bd3 Nc6 5. d5 Nf6 (5... Bb4+ $2 6. c3 Nxf2 7. Kxf2 Bc5+ 8. Kf1 $16 (8. Be3 Bxe3+ 9. Kxe3 Ne7 $16)) 6. Nc3 {C43: Petroff Defence: 3 d4.} (6. dxc6 $5 e4 $8 7. cxd7+ Bxd7 8. Bxe4 Nxe4 9. O-O $11) 6... Bb4 7. dxc6 e4 {[%cal Od7c6] [#]} 8. O-O $1 Bxc3 9. bxc3 {[%cal Oc1a3] aiming for Ba3!} O-O $1 {[%cal Od7c6]} 10. cxb7 Bxb7 11. Rb1 Rb8 12. Nd4 {[#] Threatens to win with Be2.} exd3 13. cxd3 {[#]} h6 $146 {Wards off Bg5} ({Predecessor:} 13... Nd5 14. Qf3 Qf6 15. Qxf6 Nxf6 16. c4 d5 17. Ba3 Rfe8 18. Nb5 dxc4 19. dxc4 Be4 20. Rb3 Red8 21. f3 Bc2 22. Rc3 Ba4 23. Nxa7 Rd2 24. Rf2 {½-½ Predke,A (2684)-Dardha,D (2610) EU-ch 23rd Vrnjacka Banja 2023 (9)}) 14. c4 d6 15. Bb2 Qd7 16. Bc3 Ba8 {The position is equal.} 17. f3 Nh5 18. Qd2 Rxb1 19. Rxb1 c5 20. Ne2 Re8 21. Nf4 Nxf4 22. Qxf4 f6 23. Kf2 Bc6 24. Re1 Rxe1 25. Kxe1 $11 {[%mdl 4096] Endgame KQB-KQB} Kf7 26. Kf2 {Active counter play!} Qe6 27. Qe3 Qxe3+ 28. Kxe3 Ke6 29. d4 cxd4+ 30. Bxd4 a6 {A rather calm draw.   Weighted Error Value: White=0.02 (flawless) /Black=0.01 (flawless)} 1/2-1/2